MARC details
| 000 -CABECERA |
| campo de control de longitud fija |
03477nam a2200289 a 4500 |
| 003 - IDENTIFICADOR DEL NÚMERO DE CONTROL |
| campo de control |
OSt |
| 005 - FECHA Y HORA DE LA ÚLTIMA TRANSACCIÓN |
| campo de control |
20251111111322.0 |
| 007 - CAMPO FIJO DE DESCRIPCIÓN FÍSICA--INFORMACIÓN GENERAL |
| campo de control de longitud fija |
cr ||||||a|c|a |
| 008 - DATOS DE LONGITUD FIJA--INFORMACIÓN GENERAL |
| campo de control de longitud fija |
230511s2019 mx a|||fom||| 001 0 spa d |
| 040 ## - FUENTE DE LA CATALOGACIÓN |
| Normas de descripción |
rda |
| 100 1# - ENTRADA PRINCIPAL--NOMBRE DE PERSONA |
| 9 (RLIN) |
186968 |
| Nombre de persona |
Vicente Rivera, Erica |
| 245 10 - MENCIÓN DE TÍTULO |
| Título |
Anatomía y fisiología de la semilla de tejoruco "Genipa americana L." de Guerrero / |
| Mención de responsabilidad, etc. |
por Erica Vicente Rivera; director de tesis José Rico Cerda. |
| 264 #1 - PRODUCCIÓN, PUBLICACIÓN, DISTRIBUCIÓN, FABRICACIÓN Y COPYRIGHT |
| Producción, publicación, distribución, fabricación y copyright |
Chapingo, México : |
| Nombre del de productor, editor, distribuidor, fabricante |
El autor, |
| Fecha de producción, publicación, distribución, fabricación o copyright |
2019. |
| 300 ## - DESCRIPCIÓN FÍSICA |
| Extensión |
1 recurso en línea (105 páginas): |
| Otras características físicas |
figuras, cuadros. |
| 336 ## - TIPO DE CONTENIDO |
| Fuente |
rdacontent |
| Término de tipo de contenido |
texto |
| Código de tipo de contenido |
txt |
| 337 ## - TIPO DE MEDIO |
| Fuente |
rdamedia |
| Nombre/término del tipo de medio |
computadora |
| Código del tipo de medio |
c |
| 338 ## - TIPO DE SOPORTE |
| Fuente |
rdacarrier |
| Nombre/término del tipo de soporte |
recurso en línea |
| Código del tipo de soporte |
cr |
| 502 ## - NOTA DE TESIS |
| Tipo de título |
Ingeniería Forestal |
| Nombre de la institución que otorga el título |
División de Ciencias Forestales, |
| Año de obtención del título |
2019. |
| Información miscelánea |
Licenciatura |
| 504 ## - NOTA DE BIBLIOGRAFÍA, ETC. |
| Nota de bibliografía, etc. |
Incluye referencias bibliográficas: páginas 93-100. |
| 520 ## - SUMARIO, ETC. |
| Sumario, etc. |
Se realizó un estudio para describir la anatomía, estructura y evaluar la viabilidad y germinación de tejoruco, Genipa americana L., así como identificar en qué parte de la semilla se localiza el pigmento genipina, se usaron dos lotes de semillas, uno de Santa Cruz del Rincón, Malinaltepec y otro de Ocotito, Chilpancingo de los Bravo, ambos del estado de Guerrero, colectados el 26 de marzo y 8 de septiembre de 2018 respectivamente. Se realizaron análisis físicos como peso, pureza, contenido de humedad y pruebas de germinación. Esta última se realizó en una cámara de ambiente controlado con 12 horas de luz a 25°C y 12 horas de oscuridad con 20°C, el criterio utilizado fue el tamaño de la radícula. Los resultados obtenidos demuestran que la longevidad de la semilla fue variable, ya que se obtuvo una de germinación del 31.75% de Santa Cruz del Rincón y el 80.5% en aquellas provenientes de Ocotito. El fruto es una baya globosa con olor característico, la semilla presenta una cubierta protectora, delgada, color amarillo ocre y textura ligeramente rugosa. Se usaron colorantes para contrastar las estructuras y se elaboraron preparaciones permanentes y temporales por medio de técnicas histológicas. Para la tinción de las preparaciones estuvieron sumergidas en componentes para su desparafinación, hidratación y tinción en diferentes tiempos, el montaje permanente se realizó utilizando resina sintética y resguardado en un horno de convección a 45°C. Se hicieron observaciones de las preparaciones en microscopio de campo claro y también en un microscopio de fluorescencia, en ambos se identificó la testa, los tejidos nutricios como el endospermo y los cotiledones; se reconoció el embrión constituido por el eje primario o tallo embrionario, el epicótilo con la yema apical, el hipocótilo en contacto con la radícula. Con el objetivo de mayor aumento se observó la protodermis, el procambium, fases mitóticas y el sistema vascular primario. Las preparaciones para microscopía de fluorescencia fueron temporales y se utilizaron diferentes colorantes como Naranja G y Rodamina 6G. Fueron observadas mediante el filtro verde del microscopio de fluorescencia compuesto, se identificó que el pigmento genipina se encuentra en el endospermo, en las zonas cercanas a la cubierta seminal. |
| 650 #0 - PUNTO DE ACCESO ADICIONAL DE MATERIA--TÉRMINO DE MATERIA |
| Término de materia o nombre geográfico como elemento de entrada |
Genipa americana L. |
| 9 (RLIN) |
186969 |
| 650 #4 - PUNTO DE ACCESO ADICIONAL DE MATERIA--TÉRMINO DE MATERIA |
| 9 (RLIN) |
103902 |
| Término de materia o nombre geográfico como elemento de entrada |
Semillas |
| Subdivisión general |
Fisiología y morfología |
| 650 #4 - PUNTO DE ACCESO ADICIONAL DE MATERIA--TÉRMINO DE MATERIA |
| 9 (RLIN) |
103933 |
| Término de materia o nombre geográfico como elemento de entrada |
Semillas |
| Subdivisión general |
Viabilidad |
| 700 1# - PUNTO DE ACCESO ADICIONAL--NOMBRE DE PERSONA |
| 9 (RLIN) |
97321 |
| Nombre de persona |
Rico Cerda, José |
| Término indicativo de función/relación |
director. |
| 856 ## - LOCALIZACIÓN Y ACCESO ELECTRÓNICOS |
| Identificador Uniforme del Recurso |
http://10.13.5.2/tesis/tl/Vicente_Rivera_Erica.pdf |
| Nota pública |
DESCARGAR PDF |
| 942 ## - ELEMENTOS DE PUNTO DE ACCESO ADICIONAL (KOHA) |
| Fuente del sistema de clasificación o colocación |
Clasificación Universidad Autónoma Chapingo |
| Tipo de ítem Koha |
Tesis digital |